CRM in banking : concepts and cases (Record no. 189225)

MARC details
000 -LEADER
fixed length control field 00372nam a2200145Ia 4500
008 - FIXED-LENGTH DATA ELEMENTS--GENERAL INFORMATION
fixed length control field 231217s9999 xx 000 0 und d
020 ## - INTERNATIONAL STANDARD BOOK NUMBER
International Standard Book Number 8178813831
041 ## - LANGUAGE CODE
Language code of text/sound track or separate title English
082 ## - DEWEY DECIMAL CLASSIFICATION NUMBER
Classification number 658.812 GOP;1 R
100 ## - MAIN ENTRY--PERSONAL NAME
Personal name Gopal, V V ed.
245 #0 - TITLE STATEMENT
Title CRM in banking : concepts and cases
260 ## - PUBLICATION, DISTRIBUTION, ETC.
Date of publication, distribution, etc. 2004
Name of publisher, distributor, etc. ICFAI Press
Place of publication, distribution, etc. Hyderabad
300 ## - PHYSICAL DESCRIPTION
Extent viii, 167+A15
942 ## - ADDED ENTRY ELEMENTS (KOHA)
Koha item type Books
Holdings
Date last seen Total checkouts Full call number Accession number Cost, total (INR) price Price effective from Category Public note Lost status Damaged status Department Withdrawn status Home library Current library Shelving location Entry date Vendor Cost, normal purchase price Grants Billnumber Billdate Currency symbol Conversion rate Discount Old discount
26/01/2024   658.812 GOP;1 R 66045 38.00 26/01/2024 Books 66045     Central Library   Central Library Central Library Central Library 08/10/2010 ICFAI Press 38.00 MBA 1993 03/11/2014 RS 1    
26/01/2024   658.812 GOP;2 R1 66046 38.00 26/01/2024 Books 66046     F-Block Annex   Central Library Central Library F-Block Library Annex 08/10/2010 ICFAI Press 38.00 MBA 1993 14/10/2014 RS 1    
26/01/2024   658.812 GOP;3 67005 38.00 26/01/2024 Books 67005     Central Library   Central Library Central Library Central Library 18/11/2010 ICFAI Press 38.00 MBA 1993 16/12/2014 RS 1    
26/01/2024   658.812 GOP;4 67006 38.00 26/01/2024 Books 67006     Central Library   Central Library Central Library Central Library 18/11/2010 ICFAI Press 38.00 MBA 1993 16/12/2014 RS 1    

© For any Suggestions or Query, please contact the library staff @ librarian@pes.edu or Phone: +9180 2672 1983/ 2108.